| 000 | 01430nam a2200337 a 4500 | ||
|---|---|---|---|
| 001 | ebr10676672 | ||
| 003 | CaPaEBR | ||
| 006 | m u | ||
| 007 | cr cn||||||||| | ||
| 008 | 080328s2008 nyuab sb 001 0 eng d | ||
| 010 | _z 2008014026 | ||
| 020 | _z9781604564778 (hardcover) | ||
| 020 | _z1604564776 (hardcover) | ||
| 020 | _z9781616680923 (e-book) | ||
| 040 |
_aCaPaEBR _cCaPaEBR |
||
| 035 | _a(OCoLC)841171664 | ||
| 050 | 1 | 4 |
_aHC59.3 _b.S56 2008eb |
| 082 | 0 | 4 |
_a330.9 _222 |
| 245 | 0 | 0 |
_aSmall economies and global economics _h[electronic resource] / _cJ. Ram Pillarisetti ... [et al.], editors. |
| 260 |
_aNew York : _bNova Science Publishers, _cc2008. |
||
| 300 |
_axvii, 521 p. : _bill. (some col.), maps. |
||
| 500 | _aIncludes errata for "Small economies and global economies : the case of Gabon / Marcellin Ndong Ntah" on computer disk (3 1/2 in.). | ||
| 504 | _aIncludes bibliographical references and index. | ||
| 533 |
_aElectronic reproduction. _bPalo Alto, Calif. : _cebrary, _d2013. _nAvailable via World Wide Web. _nAccess may be limited to ebrary affiliated libraries. |
||
| 650 | 0 |
_aStates, Small _xEconomic conditions. |
|
| 650 | 0 | _aGlobalization. | |
| 655 | 7 |
_aElectronic books. _2local |
|
| 700 | 1 | _aPillarisetti, J. Ram. | |
| 710 | 2 | _aebrary, Inc. | |
| 856 | 4 | 0 |
_uhttp://site.ebrary.com/lib/rucke/Doc?id=10676672 _zAn electronic book accessible through the World Wide Web; click to view |
| 999 |
_c58439 _d58439 |
||